Marketingový mix v prostredí e-businessu - modifikácie tradične používaných nástrojov bakalárska práca

Saved in:
Bibliographic Details
Main Author: Újlaki, Ákos
Corporate Author: Obchodná fakulta EU. Katedra marketingu
Other Authors: Miklošík, Andrej
Format: Book
Language:Slovak
Published: Bratislava 2009
Tags: Add Tag
No Tags, Be the first to tag this record!

MARC

LEADER 00000nam$a2200000$$$4500
001 0099973
005 20240318135437.0
041 0 |a slo 
044 |a SK 
245 1 0 |a Marketingový mix v prostredí e-businessu - modifikácie tradične používaných nástrojov  |b bakalárska práca  |c Ákos Újlaki ; škol. Andrej Miklošík 
264 1 |a Bratislava  |c 2009 
300 |a 67 s. 
100 1 |a Újlaki, Ákos 
700 1 |a Miklošík, Andrej 
710 2 |a Obchodná fakulta EU. Katedra marketingu